| 000 | 00514pam a2200181 a 4500 | ||
|---|---|---|---|
| 020 |
_a8171794084 _c995.00 |
||
| 041 |
_aeng _hNULL |
||
| 082 |
_a618.2 _bDES/ALL |
||
| 100 | _aDESAI, S . | ||
| 245 |
_aINFERTILITY & TRANSVAGINAL SONOGRTAPHY CURRENT CONCEPTS / _cNULL. _hTextual Documents |
||
| 260 |
_aNULL : _bJAYPEE BROTHERS MEDICAL PUB. , _c1995. |
||
| 300 |
_a336 : _bxvi ; _cNULL . |
||
| 365 | _a995.00 | ||
| 700 | _aALLABADIA , G . | ||
| 930 | _a876 | ||
| 999 |
_c795412 _d795412 |
||
| 650 | _aOBST.GYNE | ||